A társadalmi felelősségvállalás és a fiatal munkavállalók kapcsolata a Telekom Magyarország tükrében.

Bibliográfiai részletek
Szerző: Horváth Éva Georgina
További közreműködők: Győri Dr. Zsuzsanna
Kárpáti-Dala Szilvia
Dokumentumtípus: Diplomadolgozat
Kulcsszavak:CSR
Magyar Telekom Nyrt.
Fenntarthatóság
Online Access:http://dolgozattar.uni-bge.hu/19658

MARC

LEADER 00000nta a2200000 i 4500
001 dolg19658
005 20181217090007.0
008 181217suuuu hu om 000 hun d
040 |a BGE Dolgozattár Repozitórium  |b hun 
041 |a hu 
100 1 |a Horváth Éva Georgina 
245 1 2 |a A társadalmi felelősségvállalás és a fiatal munkavállalók kapcsolata a Telekom Magyarország tükrében.  |c Horváth Éva Georgina  |h [elektronikus dokumentum] 
695 |a CSR 
695 |a Magyar Telekom Nyrt. 
695 |a Fenntarthatóság 
700 1 |a Győri Dr. Zsuzsanna  |e ths 
700 1 |a Kárpáti-Dala Szilvia  |e ths 
856 4 0 |u http://dolgozattar.uni-bge.hu/19658/1/Szakdolgozat%202018.pdf  |z Dokumentum-elérés